Migraciones internacionales en América Latina : (Registro nro. 4890)
[ vista simple ]
| 000 -LEADER | |
|---|---|
| fixed length control field | 01460nam a2200313Ia 4500 |
| 003 - CONTROL NUMBER IDENTIFIER | |
| control field | OSt |
| 005 - DATE AND TIME OF LATEST TRANSACTION | |
| control field | 20200429123330.0 |
| 008 - FIXED-LENGTH DATA ELEMENTS--GENERAL INFORMATION | |
| fixed length control field | 191128s2008 mx a gr 000 0dspa d |
| 020 ## - INTERNATIONAL STANDARD BOOK NUMBER | |
| International Standard Book Number | 9789562890656 |
| 040 ## - CATALOGING SOURCE | |
| Original cataloging agency | CO-JMCR |
| Transcribing agency | CO-JMCR |
| 041 0# - LANGUAGE CODE | |
| Language code of text/sound track or separate title | spa |
| 082 04 - DEWEY DECIMAL CLASSIFICATION NUMBER | |
| Classification number | 304.82 / |
| Item number | M33 |
| 100 1# - MAIN ENTRY--PERSONAL NAME | |
| Personal name | Solimano, Andrés, |
| Relator term | coordinador |
| 9 (RLIN) | 2947 |
| 245 10 - TITLE STATEMENT | |
| Title | Migraciones internacionales en América Latina : |
| Remainder of title | booms, crisis y desarrollo / |
| Statement of responsibility, etc. | Andrés Solimano |
| 250 ## - EDITION STATEMENT | |
| Edition statement | Primera edición |
| 260 ## - PUBLICATION, DISTRIBUTION, ETC. | |
| Place of publication, distribution, etc. | México : |
| Name of publisher, distributor, etc. | Fondo de Cultura Económica, |
| Date of publication, distribution, etc. | 2008 |
| 300 ## - PHYSICAL DESCRIPTION | |
| Extent | 462 páginas : |
| Other physical details | ilustraciones en blanco y negro ; |
| Dimensions | 23 cm. |
| 300 ## - PHYSICAL DESCRIPTION | |
| Dimensions | 23 cm |
| 490 0# - SERIES STATEMENT | |
| Series statement | Obras de economía |
| 500 ## - GENERAL NOTE | |
| General note | Incluye índice. |
| 505 ## - FORMATTED CONTENTS NOTE | |
| Formatted contents note | Migraciones internacionales, remesas y el desarrollo económico : la experiencia latinoamericana -- Migración y desarrollo : el caso de Argentina -- Migraciones internacionales en un contexto de crecimiento -- Económico el caso de Chile |
| 520 ## - SUMMARY, ETC. | |
| Summary, etc. | Es el resultado de un riguroso análisis que logra colocar al trasluz uno de los fenómenos más complejos de las últimas décadas en el continente latinoamericano : los flujos migratorios de carácter internacional. |
| 650 14 - SUBJECT ADDED ENTRY--TOPICAL TERM | |
| Topical term or geographic name entry element | Desarrollo económico |
| Geographic subdivision | América Latina |
| 9 (RLIN) | 3646 |
| 650 24 - SUBJECT ADDED ENTRY--TOPICAL TERM | |
| Topical term or geographic name entry element | Crisis económica |
| Geographic subdivision | América Latina |
| 9 (RLIN) | 3647 |
| 650 24 - SUBJECT ADDED ENTRY--TOPICAL TERM | |
| Topical term or geographic name entry element | Economía |
| Geographic subdivision | Colombia |
| 9 (RLIN) | 3648 |
| 650 24 - SUBJECT ADDED ENTRY--TOPICAL TERM | |
| Topical term or geographic name entry element | Conflicto armado |
| 9 (RLIN) | 3649 |
| 650 24 - SUBJECT ADDED ENTRY--TOPICAL TERM | |
| Topical term or geographic name entry element | Aspectos económicos |
| 9 (RLIN) | 3268 |
| 942 ## - ADDED ENTRY ELEMENTS (KOHA) | |
| Source of classification or shelving scheme | Dewey Decimal Classification |
| Koha item type | Books |
| Withdrawn status | Lost status | Source of classification or shelving scheme | Materials specified (bound volume or other part) | Damaged status | Not for loan | Home library | Current library | Shelving location | Date acquired | Source of acquisition | Cost, normal purchase price | Total Checkouts | Full call number | Barcode | Date last seen | Copy number | Price effective from | Koha item type |
|---|---|---|---|---|---|---|---|---|---|---|---|---|---|---|---|---|---|---|
| Dewey Decimal Classification | Donación--15/04/2018-- | Biblioteca Pública José María del Castillo y Rada | Biblioteca Pública José María del Castillo y Rada | General Stacks | 11/28/2019 | Donación | 0.00 | 304.82 / M33 | 430001150 | 05/16/2024 | Ej.1 | 11/28/2019 | Books |